Home Print Resources E-Books E-Journals IIMT Lecture Series Library Membership Form Book Recommendation Form Campus Tour Take AdmissionAbout Us Contact Us

PHARMACEUTICAL ORGANIC CHEMISTRY -I (Record no. 49539)

000 -LEADER
fixed length control field nam a22 7a 4500
003 - CONTROL NUMBER IDENTIFIER
control field OSt
005 - DATE AND TIME OF LATEST TRANSACTION
control field 20200122103056.0
008 - FIXED-LENGTH DATA ELEMENTS--GENERAL INFORMATION
fixed length control field 200122b xxu||||| |||| 00| 0 eng d
040 ## - CATALOGING SOURCE
Transcribing agency IIMT UNIVERISTY MEERUT
Modifying agency SEROSOFT
082 ## - DEWEY DECIMAL CLASSIFICATION NUMBER
Classification number 545VAR
100 ## - MAIN ENTRY--PERSONAL NAME
Personal name ARORA VARUN
245 ## - TITLE STATEMENT
Title PHARMACEUTICAL ORGANIC CHEMISTRY -I
260 ## - PUBLICATION, DISTRIBUTION, ETC.
Place of publication, distribution, etc. S.VIKAS AND COMPANY
Name of publisher, distributor, etc. ED.2020
300 ## - PHYSICAL DESCRIPTION
Extent PAPER BACK
Other physical details 396PP
700 ## - ADDED ENTRY--PERSONAL NAME
Personal name VARUN ARORA
760 ## - MAIN SERIES ENTRY
Edition ED.2020
856 ## - ELECTRONIC LOCATION AND ACCESS
Materials specified PAPER BACK
887 ## - NON-MARC INFORMATION FIELD
Source of data TITLE
942 ## - ADDED ENTRY ELEMENTS (KOHA)
Source of classification or shelving scheme
Koha item type Text-Book- for 7 days
Edition ED.2020
Classification part 545VAR
Holdings
Withdrawn status Lost status Source of classification or shelving scheme Damaged status Not for loan Home library Current library Date acquired Cost, normal purchase price Total Checkouts Total Renewals Full call number Barcode Date last seen Date last checked out Copy number Price effective from Koha item type
          IIMT University College of Medical Sciences IIMT University College of Medical Sciences 01/22/2020 495.00 10 3 545VAR 02-B-12098 09/09/2025 08/29/2025 R 01/22/2020 Text-Book- for 7 days
          IIMT University College of Medical Sciences IIMT University College of Medical Sciences 01/22/2020 495.00 12 2 545VAR 02-B-12099 07/24/2025 05/07/2025 R 01/22/2020 Text-Book- for 7 days
IIMT, Central Library. All Rights Reserved IIMT,UNIVERSITY © 2023
Implemented and Customised by I CLOUDE EMS
You Are OPAC Visitor No
free web counter

Powered by Koha